000 01235nam0a22002411 4500
001 rc\4874871
005 20130426150034.5
035 _a(NLR Aleph) 008823837
090 _a8239391
_c8239391
100 _a20130426d1964 |||y0rusy50 ca
101 0 _arus
102 _aRU
105 _aa z |||||
200 1 _aИзготовление сборных железобетонных и керамзитобетонных конструкций для строительства тепловых электростанций
_fГос. производ. ком. по энергетике и электростанции СССР. Главтехстройпроект. Всесоюз. ин-т по проектированию организации энергет. строительства "Оргэнергострой". Моск. филиал
210 _aМосква
_cОргэнергострой
_d1964
215 _a53 с.
_cил.
_d20
225 1 _aИз опыта энергетического строительства
_vВып. 27
700 1 _aОстанин
_bГ. В.
_gГригорий Васильевич
801 0 _aRU
_bNLR
_gpsbo
801 1 _aRU
_bELAR
_2rusmarc
852 _aNLR
_jП10/1260
942 _cBOOK
980 _aNB